[Event "International Championship of Central Se"]
[Site "Paracin, hotel "]
[Date "2013.07.06"]
[Round "2.1"]
[White "Molcanov, Sergej"]
[Black "Rasic, Jovan"]
[Result "0-1"]
[WhiteElo "1893"]
[BlackElo "2085"]
[PlyCount "172"]
[EventDate "2013.07.05"]

1. d4 g6 2. c4 Bg7 3. Nc3 d6 4. Nf3 Nc6 5. Bf4 Bg4 6. e3 e5 7. dxe5 Nxe5 8. Be2
Bxf3 9. Bxf3 Nxf3+ 10. Qxf3 Ne7 11. Rd1 b6 12. Bg5 O-O 13. Nd5 f6 14. Nxe7+
Qxe7 15. Qd5+ Kh8 16. Bh4 g5 17. Bg3 f5 18. O-O Bxb2 19. Rfe1 Rae8 20. f3 Qg7
21. e4 f4 22. Bf2 g4 23. fxg4 Qxg4 24. Bd4+ Bxd4+ 25. Qxd4+ Re5 26. Rd2 f3 27.
Rf2 Qg7 28. Re3 Rg5 29. Qxg7+ Kxg7 30. Rexf3 Rxf3 31. Rxf3 Rc5 32. Rc3 Kf6 33.
Kf2 Rg5 34. h4 Rg4 35. Kf3 Rxh4 36. Rd3 Ke6 37. Rd5 Rh6 38. g4 c6 39. Rg5 Rf6+
40. Ke3 Kf7 41. a4 Rf1 42. a5 h6 43. Rh5 Kg6 44. axb6 axb6 45. Rh2 Kg5 46. Rh5+
Kg6 47. Rh2 c5 48. Rd2 Rf6 49. Rd5 Kf7 50. g5 hxg5 51. Rxg5 Ke6 52. Rg7 Rf7 53.
Rg8 Kd7 54. Ra8 Kc6 55. Rc8+ Kb7 56. Rd8 Kc7 57. Ra8 Rf1 58. Ra7+ Kc6 59. Kd2
Rf2+ 60. Kd3 Rb2 61. Kc3 Rb4 62. Re7 b5 63. cxb5+ Kxb5 64. Rb7+ Ka5 65. Rd7 Rd4
66. e5 dxe5 67. Re7 e4 68. Rb7 Rb4 69. Re7 Kb6 70. Re6+ Kb5 71. Re8 Rd4 72. Re6
Ra4 73. Re8 Kc6 74. Re5 Rd4 75. Rh5 Rd5 76. Rh3 Kb5 77. Rh8 Re5 78. Rh2 Kc6 79.
Re2 Kd5 80. Rd2+ Ke6 81. Re2 Kf5 82. Rf2+ Kg4 83. Rf1 e3 84. Re1 Kf3 85. Rf1+
Kg2 86. Ra1 e2 0-1

[Event "International Championship of Central Se"]
[Site "Paracin, hotel "]
[Date "2013.07.06"]
[Round "2.2"]
[White "Ostojic, Nikola M"]
[Black "Mirkovic, Dejan"]
[Result "1-0"]
[WhiteElo "2068"]
[BlackElo "1886"]
[PlyCount "93"]
[EventDate "2013.07.05"]

1. d4 Nf6 2. c4 g6 3. Nc3 Bg7 4. e4 d6 5. f3 O-O 6. Bg5 c5 7. d5 Nbd7 8. Nh3
Qa5 9. Nf2 a6 10. Bd2 Qc7 11. a4 e6 12. Be2 exd5 13. cxd5 Re8 14. O-O Nf8 15.
Nd3 Rb8 16. a5 h6 17. Ra3 Kh7 18. Na4 Bd7 19. Nc1 Bb5 20. Qb3 c4 21. Qc2 N6d7
22. Be3 Rbc8 23. Rd1 Re7 24. Bf2 Kg8 25. f4 Rce8 26. Bf3 Rc8 27. Na2 Nh7 28.
N2c3 Qd8 29. Raa1 Nhf6 30. Re1 Ne8 31. Bh4 Bd4+ 32. Kh1 Bf6 33. Bf2 Nc7 34. e5
Bg7 35. Be4 Nf8 36. exd6 Qxd6 37. Bc5 Qd8 38. Nb6 Rxe4 39. Rxe4 Rb8 40. Rae1
Qh4 41. Be7 Qg4 42. Bd6 Bxc3 43. Qxc3 Re8 44. Bxc7 Rxe4 45. Rxe4 Qd1+ 46. Re1
Qd3 47. Be5 1-0

[Event "International Championship of Central Se"]
[Site "Paracin, hotel "]
[Date "2013.07.06"]
[Round "2.3"]
[White "Stojkovic, Dragan D"]
[Black "Cica, Dragan"]
[Result "0-1"]
[WhiteElo "1887"]
[BlackElo "2063"]
[PlyCount "76"]
[EventDate "2013.07.05"]

1. d4 Nf6 2. Bg5 d5 3. Nd2 e6 4. c3 Be7 5. f3 Nh5 6. Be3 O-O 7. Bf2 f5 8. e4 c5
9. dxc5 Nd7 10. Nb3 fxe4 11. fxe4 Nhf6 12. exd5 Ne4 13. Nf3 Nxf2 14. Kxf2 Nxc5
15. dxe6 Qb6 16. Qd4 Nxb3 17. Qxb6 axb6 18. Bc4 Nxa1 19. Rxa1 Rf6 20. Re1 b5
21. Bb3 Ra6 22. Re5 Bxe6 23. Rxb5 Bxb3 24. Rxb3 Rab6 25. Ke3 Rxb3 26. axb3 Rb6
27. Nd4 Bc5 28. b4 Bxd4+ 29. Kxd4 Kf7 30. Kc5 Rg6 31. b5 b6+ 32. Kd5 Ke7 33. c4
Kd7 34. g3 Rh6 35. b4 Rxh2 36. c5 bxc5 37. bxc5 Rh5+ 38. Kd4 Rg5 0-1

[Event "International Championship of Central Se"]
[Site "Paracin, hotel "]
[Date "2013.07.06"]
[Round "2.4"]
[White "Jandric, Damjan"]
[Black "Cvetkovski, Slobodan"]
[Result "0-1"]
[WhiteElo "2058"]
[BlackElo "1879"]
[PlyCount "118"]
[EventDate "2013.07.05"]

1. e4 e6 2. d3 d5 3. Qe2 dxe4 4. dxe4 c5 5. Nf3 Nc6 6. c3 Qc7 7. Qc2 b6 8. Be2
Bb7 9. O-O e5 10. Nbd2 Nf6 11. a4 a6 12. Re1 Be7 13. Bc4 O-O 14. Nf1 Na5 15.
Ba2 c4 16. Bg5 b5 17. Ng3 h6 18. Bc1 Bc5 19. Be3 Nd7 20. b3 Bxe3 21. Rxe3 cxb3
22. Bxb3 Nxb3 23. Qxb3 Nc5 24. Qb4 bxa4 25. c4 Rfd8 26. Qc3 f6 27. Nh4 Qb6 28.
Nhf5 Kh7 29. Ne7 a5 30. Nd5 Bxd5 31. cxd5 Qb4 32. Qc2 Nb3 33. Rf1 Rac8 34. Qe2
Nd4 35. Qg4 Rc3 36. Nh5 Rg8 37. Qd7 Kh8 38. Rxc3 Ne2+ 39. Kh1 Nxc3 40. f3 Qb5
41. Qxb5 Nxb5 42. Kg1 a3 43. Ra1 Rc8 44. Ng3 Rc2 45. d6 Rd2 46. Nf5 Nxd6 47.
Nxd6 Rxd6 48. Rxa3 Ra6 49. Kf2 Kg8 50. Ke3 a4 51. h4 h5 52. g3 Kf7 53. Ra2 Ke6
54. Ra1 a3 55. Ra2 Kd6 56. Kd3 Kc5 57. Kc3 Ra7 58. g4 hxg4 59. fxg4 Ra4 0-1

[Event "International Championship of Central Se"]
[Site "Paracin, hotel "]
[Date "2013.07.06"]
[Round "2.5"]
[White "Chetina, Elizaveta"]
[Black "Arandjelovic, Aleksandar Z"]
[Result "1/2-1/2"]
[WhiteElo "1881"]
[BlackElo "2042"]
[PlyCount "70"]
[EventDate "2013.07.05"]

1. e4 c5 2. Nf3 d6 3. d4 cxd4 4. Nxd4 Nf6 5. Nc3 a6 6. Be2 e5 7. Nb3 Be7 8. Be3
Be6 9. O-O O-O 10. f4 Qc7 11. Nd5 Bxd5 12. exd5 Nbd7 13. c4 Rfe8 14. Rc1 exf4
15. Bxf4 Ne4 16. Be3 Qd8 17. Bd3 Bg5 18. Bxg5 Qxg5 19. Qf3 Nef6 20. Rce1 Ne5
21. Qh3 Neg4 22. Qg3 Nh5 23. Qxd6 Re3 24. Nc5 Rae8 25. Ne4 Qh4 26. Rxe3 Nxe3
27. Qd7 Rf8 28. g3 Nxg3 29. hxg3 Qh5 30. Re1 Ng4 31. Qd6 f5 32. Qe6+ Kh8 33.
Qe7 Qh2+ 34. Kf1 Kg8 35. Qe6+ Kh8 1/2-1/2

[Event "International Championship of Central Se"]
[Site "Paracin, hotel "]
[Date "2013.07.06"]
[Round "2.6"]
[White "Djuretanovic, Ivan"]
[Black "Majcen, Zoran"]
[Result "1-0"]
[WhiteElo "2042"]
[BlackElo "1848"]
[PlyCount "65"]
[EventDate "2013.07.05"]

1. e4 e6 2. d4 d5 3. Nc3 dxe4 4. Nxe4 Nd7 5. Nf3 Be7 6. Bd3 Ngf6 7. Ng3 b6 8.
O-O Bb7 9. Re1 c5 10. c3 cxd4 11. Nxd4 O-O 12. Bf4 Nd5 13. Bd2 Bg5 14. Qh5 h6
15. Rad1 Bxd2 16. Rxd2 Nf4 17. Qg4 Nxd3 18. Rxd3 Nf6 19. Qe2 Nd5 20. Nh5 Qg5
21. Rg3 Nf4 22. Nxf4 Qxf4 23. Qh5 Rad8 24. Ree3 Rd5 25. Qe2 Rfd8 26. h3 e5 27.
Rg4 Qf6 28. Rf3 Qd6 29. Rxg7+ Kh8 30. Rfxf7 exd4 31. Rh7+ Kg8 32. Rfg7+ Kf8 33.
Qf3+ 1-0

[Event "International Championship of Central Se"]
[Site "Paracin, hotel "]
[Date "2013.07.06"]
[Round "2.7"]
[White "Gagic, Miroljub"]
[Black "Radovic, Janko"]
[Result "0-1"]
[WhiteElo "1849"]
[BlackElo "2038"]
[PlyCount "91"]
[EventDate "2013.07.05"]

1. c4 Nf6 2. Nf3 c5 3. Nc3 d5 4. cxd5 Nxd5 5. e4 Nb4 6. Bc4 Nd3+ 7. Ke2 Nxc1+
8. Rxc1 Nc6 9. Qb3 e6 10. Rhd1 a6 11. a4 Be7 12. Kf1 Bf6 13. Ne2 O-O 14. Bd3
Qd6 15. Bb1 e5 16. Qc3 b6 17. h3 Be7 18. Ng3 g6 19. Re1 Be6 20. Qe3 Kg7 21. Rc3
Rfd8 22. Kg1 h6 23. Ra3 Rd7 24. Nf1 Qc7 25. Ra1 Rad8 26. Rc1 Qb8 27. Qe2 Qb7
28. Kh2 Nd4 29. Nxd4 Rxd4 30. f3 Bg5 31. Rc2 Bb3 32. Rc3 Bxa4 33. Ba2 Bb5 34.
Qf2 Bxf1 35. Qxf1 Bxd2 36. Rc2 Bf4+ 37. Kh1 Qe7 38. Bd5 Qh4 39. g4 h5 40. Rxa6
hxg4 41. fxg4 Qg3 42. Ra3 Qh4 43. Ra7 Rf8 44. Rb7 Rd1 45. Qxd1 Qxh3+ 46. Kg1
0-1

[Event "International Championship of Central Se"]
[Site "Paracin, hotel "]
[Date "2013.07.06"]
[Round "2.8"]
[White "Nikolovska, Dragana"]
[Black "Antic, Nenad"]
[Result "0-1"]
[WhiteElo "1848"]
[BlackElo "2022"]
[PlyCount "106"]
[EventDate "2013.07.05"]

1. e4 e5 2. Nf3 Nc6 3. Bb5 a6 4. Ba4 Nf6 5. Qe2 b5 6. Bb3 d6 7. c3 Be7 8. O-O
O-O 9. Rd1 Na5 10. Bc2 c5 11. d3 Qc7 12. Nbd2 Re8 13. Nf1 Bd8 14. Ne3 g6 15. h3
Bb7 16. Nh2 d5 17. Neg4 Nh5 18. Nh6+ Kg7 19. g3 dxe4 20. dxe4 Nc4 21. Nf5+ Kh8
22. b3 Nb6 23. Nd6 Re6 24. Nxb7 Qxb7 25. Be3 Be7 26. Rd2 Ng7 27. Rad1 f5 28.
Bh6 Rf8 29. Nf3 f4 30. Bg5 fxg3 31. fxg3 Nh5 32. Kg2 Bxg5 33. Nxg5 Ref6 34. Rd8
Qe7 35. Rxf8+ Rxf8 36. Rf1 Rxf1 37. Qxf1 Kg7 38. h4 Nf6 39. Qe2 h6 40. Nh3 Qd7
41. Qd1 Qxd1 42. Bxd1 Nxe4 43. b4 c4 44. Bc2 Nxc3 45. a3 Nbd5 46. Kf3 Nf6 47.
Nf2 e4+ 48. Ke3 Nfd5+ 49. Kd2 e3+ 50. Ke1 exf2+ 51. Kxf2 Kf6 52. Kf3 g5 53.
hxg5+ Kxg5 0-1

[Event "International Championship of Central Se"]
[Site "Paracin, hotel "]
[Date "2013.07.06"]
[Round "2.10"]
[White "Van Steenkiste, Luc"]
[Black "Ljangov, Petar"]
[Result "0-1"]
[WhiteElo "1833"]
[BlackElo "2010"]
[PlyCount "40"]
[EventDate "2013.07.05"]

1. d4 Nf6 2. f3 d6 3. e4 e5 4. c3 Be7 5. Be3 O-O 6. Bd3 Nbd7 7. Ne2 c6 8. O-O
d5 9. Nd2 dxe4 10. fxe4 Ng4 11. Bf2 Bg5 12. Ng3 Nxf2 13. Kxf2 Nf6 14. Kg1 Ng4
15. Nf3 Ne3 16. Qe2 Nxf1 17. Rxf1 exd4 18. Nxd4 g6 19. e5 Qe7 20. Ngf5 gxf5 0-1

[Event "International Championship of Central Se"]
[Site "Paracin, hotel "]
[Date "2013.07.06"]
[Round "2.11"]
[White "Jovanovic, Ivan M"]
[Black "Stojkovic, Zoran"]
[Result "0-1"]
[WhiteElo "1829"]
[BlackElo "2005"]
[PlyCount "40"]
[EventDate "2013.07.05"]

1. d4 Nf6 2. Nf3 e6 3. g3 d5 4. Bg2 c5 5. c4 Nc6 6. cxd5 exd5 7. dxc5 Bxc5 8.
O-O h6 9. e3 Bg4 10. Qb3 Qd7 11. Nc3 O-O 12. Ne2 Rab8 13. Re1 Ne4 14. Ned4 Rfe8
15. a3 Bxd4 16. Nxd4 Nxd4 17. exd4 Nc5 18. Rxe8+ Rxe8 19. Qc3 Nb3 20. Ra2 Rc8
0-1

[Event "International Championship of Central Se"]
[Site "Paracin, hotel "]
[Date "2013.07.06"]
[Round "2.12"]
[White "Grbic, Branko"]
[Black "Ilic, Milosav"]
[Result "1-0"]
[WhiteElo "1984"]
[BlackElo "1831"]
[PlyCount "57"]
[EventDate "2013.07.05"]

1. e4 e5 2. Nf3 Nc6 3. d4 exd4 4. Bc4 h6 5. c3 Na5 6. Bxf7+ Kxf7 7. Ne5+ Ke6 8.
Ng6 Nf6 9. Nxh8 Qe8 10. e5 Kxe5 11. Qxd4+ Kf5+ 12. Kd1 Qe4 13. g4+ Nxg4 14.
Qxe4+ Kxe4 15. f3+ Kxf3 16. Rf1+ Nf2+ 17. Ke1 Bc5 18. b4 Bb6 19. bxa5 Bc5 20.
Ba3 Be3 21. Nd2+ Bxd2+ 22. Kxd2 Kg2 23. Rg1+ Kxh2 24. Ke3 Nh3 25. Rxg7 Ng5 26.
Be7 b6 27. Bxg5 hxg5 28. Rh7+ Kg2 29. Rhh1 1-0

[Event "International Championship of Central Se"]
[Site "Paracin, hotel "]
[Date "2013.07.06"]
[Round "2.13"]
[White "Brankovic, Slavoljub"]
[Black "Zivkovic, Zivojin"]
[Result "0-1"]
[WhiteElo "1825"]
[BlackElo "1981"]
[PlyCount "82"]
[EventDate "2013.07.05"]

1. c4 Nf6 2. Nc3 g6 3. Nf3 Bg7 4. d4 O-O 5. g3 d6 6. Bg2 Nc6 7. d5 Na5 8. Qd3
c5 9. Bd2 a6 10. Rc1 Bd7 11. O-O b5 12. b3 bxc4 13. bxc4 Rb8 14. Rb1 Qc7 15. e4
Bg4 16. h3 Bxf3 17. Bxf3 Nd7 18. Bf4 Nb6 19. Nd1 Nbxc4 20. Ne3 Nxe3 21. Bxe3
Rb6 22. Rxb6 Qxb6 23. Rb1 Qa7 24. Be2 f5 25. f3 fxe4 26. fxe4 Qd7 27. Bg4 Qa4
28. Rb6 Nc4 29. Bd1 Qxa2 30. Qb3 Qxb3 31. Rxb3 Nxe3 32. Be2 Bd4 33. Bxa6 Ng4+
34. Kh1 Nf2+ 35. Kg2 Nxe4 36. h4 Ra8 37. Rb6 c4 38. Rc6 c3 39. Kf3 Nc5 40. Rxc5
Bxc5 41. Bd3 Ra2 0-1

[Event "International Championship of Central Se"]
[Site "Paracin, hotel "]
[Date "2013.07.06"]
[Round "2.14"]
[White "Kostic, Tomislav"]
[Black "Janjic, Nikola"]
[Result "1-0"]
[WhiteElo "1978"]
[BlackElo "1829"]
[PlyCount "89"]
[EventDate "2013.07.05"]

1. e4 e5 2. Nf3 Nf6 3. Nc3 Nc6 4. Bb5 d6 5. d4 exd4 6. Nxd4 Bd7 7. Bxc6 Bxc6 8.
Nxc6 bxc6 9. Qf3 Nd7 10. Qg3 g6 11. Bd2 Bg7 12. h4 h5 13. Rd1 O-O 14. O-O Ne5
15. Ne2 Qe7 16. b3 Rfe8 17. c4 Bf6 18. Bg5 Bxg5 19. Qxg5 Qxg5 20. hxg5 Ng4 21.
Nd4 c5 22. Nb5 Re7 23. Rfe1 Ne5 24. Nc3 Rc8 25. Nd5 Re6 26. Nf6+ Kg7 27. f4 Nc6
28. Rd3 Nd4 29. Rh3 Rd8 30. Kf2 c6 31. Reh1 d5 32. g4 dxe4 33. gxh5 gxh5 34.
Nxh5+ Kf8 35. Nf6 Nf5 36. Ng4 e3+ 37. Ke1 e2 38. Rh8+ Ke7 39. Rxd8 Kxd8 40. Ne5
f6 41. Rh8+ Kc7 42. Rh7+ Kc8 43. gxf6 Rxf6 44. Kxe2 Nd4+ 45. Ke3 1-0

[Event "International Championship of Central Se"]
[Site "Paracin, hotel "]
[Date "2013.07.06"]
[Round "2.15"]
[White "Ristic, Dejan D"]
[Black "Lazic, Milan B"]
[Result "1/2-1/2"]
[WhiteElo "1823"]
[BlackElo "1978"]
[PlyCount "42"]
[EventDate "2013.07.05"]

1. c4 c5 2. Nc3 Nc6 3. g3 g6 4. Bg2 Bg7 5. Nf3 Nf6 6. O-O O-O 7. d4 cxd4 8.
Nxd4 d6 9. a3 Bd7 10. e3 Qa5 11. b4 Qh5 12. Qxh5 Nxh5 13. Bb2 Rac8 14. Rfe1 a6
15. h3 Kh8 16. Kh2 Rfd8 17. Bf1 Nf6 18. Kg2 Kg8 19. Rac1 h6 20. h4 g5 21. hxg5
hxg5 1/2-1/2

[Event "International Championship of Central Se"]
[Site "Paracin, hotel "]
[Date "2013.07.06"]
[Round "2.16"]
[White "Dragojevic, Dragan"]
[Black "Milosavljevic, Delimir"]
[Result "0-1"]
[WhiteElo "1971"]
[BlackElo "1827"]
[Annotator "Natasa"]
[PlyCount "88"]
[EventDate "2013.07.05"]

1. e4 e5 2. Nf3 Nc6 3. Bc4 Nf6 4. Nc3 Nxe4 5. Bxf7+ Kxf7 6. Nxe4 Be7 7. d4 exd4
8. Nxd4 Nxd4 9. Qxd4 d5 10. Nc3 Re8 11. Qxd5+ Qxd5 12. Nxd5 Bb4+ 13. Kd1 Rd8
14. c4 c6 15. a3 Ba5 16. b4 Bc7 17. Bg5 Rd7 18. Kc2 cxd5 19. c5 h6 20. Bh4 g5
21. Bg3 Bd8 22. Bd6 Be7 23. Bg3 Rd8 24. f3 Bf5+ 25. Kb3 Bf6 26. Rad1 d4 27. b5
Be6+ 28. Ka4 a6 29. bxa6 Rxa6+ 30. Kb4 Bd5 31. h4 g4 32. fxg4 Bxg2 33. Rhg1 Bf3
34. Rdf1 Bxg4 35. Bc7 Rd7 36. Rxg4 Rxc7 37. Rxd4 Re6 38. Rd5 Ke7 39. h5 b6 40.
cxb6 Rxb6+ 41. Ka5 Rb3 42. Re1+ Kf7 43. Ka4 Rb8 44. Re4 Bc3 {anreadable} 0-1

[Event "International Championship of Central Se"]
[Site "Paracin, hotel "]
[Date "2013.07.06"]
[Round "2.17"]
[White "Pavlovic, Slobodan Z"]
[Black "Milanovic, Maja"]
[Result "0-1"]
[WhiteElo "1809"]
[BlackElo "1969"]
[PlyCount "82"]
[EventDate "2013.07.05"]

1. e4 c5 2. Nf3 e6 3. d4 cxd4 4. Nxd4 a6 5. Nc3 Qc7 6. Bd3 Nf6 7. Bg5 Be7 8.
Nf3 d6 9. Qd2 b5 10. Ne2 Bb7 11. Ng3 Nc6 12. c3 Rd8 13. a3 Na5 14. Qc2 h6 15.
Be3 Nc4 16. h3 Nxe3 17. fxe3 d5 18. e5 Nd7 19. Nh5 Nxe5 20. Nxg7+ Kf8 21. Nxe6+
fxe6 22. Nxe5 Qxe5 23. Rf1+ Bf6 24. Qf2 Ke7 25. O-O-O Rhf8 26. Kb1 Bg5 27. Qc2
Rxf1 28. Rxf1 Qxe3 29. Bxb5 axb5 30. Ka1 Kd6 31. Qb3 Qc5 32. Rf7 Bc6 33. c4
Qxc4 34. Qg3+ e5 35. h4 Qxh4 36. Qd3 Qe1+ 37. Ka2 Qe4 38. Qd1 Qc4+ 39. Kb1 d4
40. Rg7 Be4+ 41. Ka1 Qc1+ 0-1

[Event "International Championship of Central Se"]
[Site "Paracin, hotel "]
[Date "2013.07.06"]
[Round "2.18"]
[White "Stojanovic, Vladimir M"]
[Black "Rajic, Momcilo"]
[Result "1-0"]
[WhiteElo "1959"]
[BlackElo "1824"]
[PlyCount "62"]
[EventDate "2013.07.05"]

1. d4 Nf6 2. Nf3 d5 3. c4 c6 4. Nc3 Bg4 5. Ne5 Bf5 6. e3 e6 7. Bd3 Bxd3 8. Qxd3
Bd6 9. f4 O-O 10. O-O Nfd7 11. Bd2 f5 12. Rab1 Nf6 13. cxd5 cxd5 14. Qb5 b6 15.
a4 a6 16. Qb3 Bxe5 17. dxe5 Ne4 18. Nxe4 fxe4 19. Bb4 Rf7 20. Rbc1 a5 21. Bd6
Na6 22. f5 Rd7 23. Rc6 Nb4 24. fxe6 Nxc6 25. exd7 Nb4 26. Bxb4 Qxd7 27. Bd6 Qc6
28. Rd1 Qc4 29. Qxc4 dxc4 30. Rd4 Rc8 31. Rxe4 Rc6 1-0

[Event "International Championship of Central Se"]
[Site "Paracin, hotel "]
[Date "2013.07.06"]
[Round "2.19"]
[White "Jankovic, Milan"]
[Black "Brankovan, Mario"]
[Result "0-1"]
[WhiteElo "1509"]
[BlackElo "1938"]
[PlyCount "62"]
[EventDate "2013.07.05"]

1. d4 Nf6 2. c4 c5 3. d5 d6 4. Nc3 g6 5. Nf3 Bg7 6. Rb1 Bf5 7. Ra1 O-O 8. Nd2
Na6 9. e4 Bd7 10. b3 Nxd5 11. cxd5 Bxc3 12. Rb1 Nc7 13. Bb2 Bxb2 14. Rxb2 Bb5
15. Bxb5 Nxb5 16. O-O Qd7 17. f4 f5 18. Rf3 Nd4 19. Rf1 fxe4 20. Nxe4 Qf5 21.
Ng5 h6 22. Nh3 Qxd5 23. g4 Rf7 24. Qd3 Rg7 25. g5 Qf5 26. Qc4+ e6 27. gxh6 Rh7
28. Ng5 Rxh6 29. Re1 b5 30. Qc1 Rh4 31. Rf2 Rg4+ 0-1

[Event "International Championship of Central Se"]
[Site "Paracin, hotel "]
[Date "2013.07.06"]
[Round "2.21"]
[White "Van Muylem, Tom"]
[Black "Velikic, Vule"]
[Result "1-0"]
[WhiteElo "1931"]
[BlackElo "1798"]
[Annotator "Natasa"]
[PlyCount "79"]
[EventDate "2013.07.05"]

1. d4 Nf6 2. Nf3 g6 3. c4 Bg7 4. Nc3 d6 5. g3 O-O 6. Bg2 Nbd7 7. O-O e5 8. e4
a5 9. h3 h6 10. Be3 b6 11. Qd2 Kh7 12. Rad1 Ba6 13. b3 Bb7 14. Ne1 Nh5 15. Bf3
Nhf6 16. Nd5 Ba6 17. Nc3 Bb7 18. Kh2 Qe7 19. Nd5 Qd8 20. Bg2 Ba6 21. Nc3 Rc8
22. Nd3 c6 23. f4 Qc7 24. Qf2 Nh5 25. dxe5 dxe5 26. f5 g5 27. Qe2 Nhf6 28. Nf2
Rb8 29. Ng4 Nxg4+ 30. Qxg4 Nf6 31. Qe2 Rfd8 32. Rd2 Rxd2 33. Qxd2 Bf8 34. Rd1
Be7 35. Bf3 b5 36. cxb5 Bxb5 37. Qc2 Qb7 38. Nxb5 cxb5 39. Qc3 Rc8 40. Qxe5 {
unreadable} 1-0

[Event "International Championship of Central Se"]
[Site "Paracin, hotel "]
[Date "2013.07.06"]
[Round "2.23"]
[White "Zajic, Milun"]
[Black "Pavlovic, Branka"]
[Result "1-0"]
[WhiteElo "1930"]
[BlackElo "1787"]
[PlyCount "55"]
[EventDate "2013.07.05"]

1. c4 Nf6 2. g3 g6 3. Bg2 Bg7 4. Nc3 d6 5. Nf3 O-O 6. O-O e5 7. d3 Nc6 8. Rb1
a5 9. a3 Bd7 10. h3 h6 11. Kh2 Rb8 12. b4 axb4 13. axb4 Be6 14. e4 Nd7 15. Be3
Ne7 16. Qd2 Kh7 17. Ng1 f5 18. Nge2 Nf6 19. f4 Qd7 20. Rbc1 b6 21. Nd5 Neg8 22.
Ra1 Ra8 23. Rxa8 Rxa8 24. Nxf6+ Nxf6 25. exf5 Bxf5 26. Bxa8 Bxh3 27. Bg2 Ng4+
28. Kg1 1-0